India's security in a turbulent world / (Record no. 82157)

MARC details
000 -LEADER
fixed length control field 00605nam a22001937a 4500
005 - DATE AND TIME OF LATEST TRANSACTION
control field 20140411112744.0
010 ## - LCCN (DPL NO)
LC control number ENG-109211
020 ## - INTERNATIONAL STANDARD BOOK NUMBER
International Standard Book Number 9788123767598
Terms of availability 75.00
035 ## - SYSTEM CONTROL NUMBER
System control number EN-92744
037 ## - SOURCE OF ACQUISITION
Source of stock number/acquisition DBAD/PUB
082 ## - DEWEY DECIMAL CLASSIFICATION NUMBER
Classification number 355.033054
100 ## - MAIN ENTRY--PERSONAL NAME
Personal name Jasjit Singh
245 ## - TITLE STATEMENT
Title India's security in a turbulent world /
Statement of responsibility, etc by Jasjit Singh
260 ## - PUBLICATION, DISTRIBUTION, ETC. (IMPRINT)
Place of publication, distribution, etc New Delhi
Name of publisher, distributor, etc National Book Trust
Date of publication, distribution, etc 2013
270 ## - ADDRESS
Address Nehru Bhawan, 5 Institutional Area, Phase-2 Vasant Kunj
City New Delhi
Postal code 110070
300 ## - PHYSICAL DESCRIPTION
Extent 175p.
Dimensions 22cm(pbk)
490 ## - SERIES STATEMENT
Series statement Popular social science
942 ## - ADDED ENTRY ELEMENTS (KOHA)
Source of classification or shelving scheme Dewey Decimal Classification
Item type English Books
Call number suffix JAS
Classification part 355.033054
Holdings
Withdrawn status Lost status Not for loan Collection code Home library Current library Date acquired Source of acquisition Cost, normal purchase price Full call number Barcode Copy number Cost, replacement price Koha item type
    Not For Loan Non-fiction D.B.Act.Division D.B.Act.Division 27/01/2014 DBAD/PUB 75.00 355.033054 JAS EN-92744 1 75.00 English Books

© Delhi Public Library
Hit Counter
free hit counter